00397nam a2200133Ia 4500008004100000020001500041041001200056082001100068100001400079245009800093260004800191300000800239650001600247221030s9999 xx 000 0 und d a8122418694 aEnglish a105.23 aS. K. Sen 0aUnderstanding 8085 Microprocessor & Peripheral ICs Through Problems & Solutionscby S. K. Sen bNew Age International PubaNew Delhic2006 a175 aBE Computer